000 00402nam a2200145Ia 4500
008 100122s9999 xx 000 0 und d
082 _b10696
_a170
100 _aआपटे ना ह
245 _aगृहसौख्य
260 _bआपटे आणि मंडळी
_c1946
300 _a260
630 _aगृहसौख्य
730 _aगृहसौख्य
942 _cBOOK
999 _c402289
_d402286